Statistiques concernant Finalistes de la Coupe du Monde de la FIFA

Cliquez ici pour prendre le quiz!

Statistiques générales

  • Ce quiz a été pris 564 fois
  • Le résultat moyen est 38 sur 42

Statistiques - réponses

Où?Quand?Gagnant% Correct
Saint-Denis1998France
100%
France
100%
Moscou2018France
100%
Allemagne
99%
Rio de Janeiro2014Allemagne
99%
Berne1954Allemagne de l'Ouest
99%
Munich1974Allemagne de l'Ouest
99%
Allemagne de l'Ouest
99%
Rome1990Allemagne de l'Ouest
99%
Allemagne de l'Ouest
99%
Allemagne de l'Ouest
99%
Solna1958Brésil
99%
Santiago de Chili1962Brésil
99%
Mexico1970Brésil
99%
Brésil
99%
Brésil
99%
Pasadena1994Brésil
99%
Yokohama2002Brésil
99%
Johannesbourg2010Espagne
98%
Italie
98%
Italie
98%
Rome1934Italie
98%
Berlin2006Italie
98%
Madrid1982Italie
98%
Paris1938Italie
98%
Mexico1986Argentine
97%
Buenos Aires1978Argentine
97%
Argentine
97%
Argentine
97%
Argentine
97%
Montevideo1930Uruguay
96%
Rio de Janeiro1950Uruguay
96%
London1966Angleterre
95%
Croatie
94%
Pays-Bas
88%
Pays-Bas
88%
Pays-Bas
88%
Suède
61%
Hongrie
51%
Hongrie
51%
Tchécoslovaquie
35%
Tchécoslovaquie
35%

Distribution des résultats

Percentile par nombre de réponses

% des personnes avec chaque résultat

Votre développement - résultats

Vous n’avez pas pris ce quiz